000 00451nam a2200193Ia 4500
005 20250603144855.0
008 250603s9999 xx 000 0 und d
020 _a9780728821
050 _aT 353 .P37/
100 _aParker, M. A.
245 0 _aEngineering drawing; with worked examples 2
250 _a3rd ed.
260 _aIbadan
260 _bRombic Concepts Ltd.
260 _c1981
300 _a271 p
650 _aIbadan
942 _cBK
999 _c40206
_d40206